| 000 | 00604nam a2200193Ia 4500 | ||
|---|---|---|---|
| 003 | GCL | ||
| 008 | 140319s9999 xx 000 0 ara d | ||
| 040 |
_aGCL / _cGCL |
||
| 082 | 0 | 4 |
_a327.172 _bط م |
| 100 | 1 | _aطاهر شاشى | |
| 245 | 1 | 0 |
_aالمواجهة واسلام فى الشرق الاوسط: الطريق الى غزه _ اريحا / _cطاهر شاشى |
| 300 | _a390 | ||
| 490 |
_a100 قصة _v0 |
||
| 650 | 0 | 4 | _aالسياسة الدولية |
| 650 | 0 | 4 | _aالمعاهدات |
| 650 | 0 | 4 | _aالعلاقات الخارجية |
| 650 | 0 | 4 | _aالسلام العالمى |
| 942 |
_2ddc _cBK |
||
| 999 |
_c46177 _d46177 |
||